365 TV-Free Activities for Toddlers / : (Record no. 105181)
[ view plain ]
| 000 -LEADER | |
|---|---|
| fixed length control field | 00714nam a2200181 a 4500 |
| 005 - DATE AND TIME OF LATEST TRANSACTION | |
| control field | 20140412111344.0 |
| 008 - FIXED-LENGTH DATA ELEMENTS--GENERAL INFORMATION | |
| fixed length control field | 041109s19uu xx 00 eng d |
| 020 ## - INTERNATIONAL STANDARD BOOK NUMBER | |
| International Standard Book Number | 1-8651-5722-8 |
| 050 ## - LIBRARY OF CONGRESS CALL NUMBER | |
| Classification number | TR(GS 372.19 |
| Item number | H66 2002 |
| 100 ## - MAIN ENTRY--PERSONAL NAME | |
| Personal name | Hodges, Di |
| 245 ## - TITLE STATEMENT | |
| Title | 365 TV-Free Activities for Toddlers / : |
| Remainder of title | 1-4 years / |
| Statement of responsibility, etc | Di Hodges. |
| 260 ## - PUBLICATION, DISTRIBUTION, ETC. (IMPRINT) | |
| Place of publication, distribution, etc | Australia : |
| Name of publisher, distributor, etc | Hinkler books, |
| Date of publication, distribution, etc | 2002. |
| 300 ## - PHYSICAL DESCRIPTION | |
| Extent | 384 |
| 520 ## - SUMMARY, ETC. | |
| Summary, etc | Whatever the season or timme of day, this book will help children develop mental and physical skills through a huge range of imaginative activities. |
| 650 ## - SUBJECT ADDED ENTRY--TOPICAL TERM | |
| Topical term or geographic name as entry element | Preschool education-- Curricula--handbooks, Manuals |
| 650 ## - SUBJECT ADDED ENTRY--TOPICAL TERM | |
| Topical term or geographic name as entry element | Creative activities and seat work-- handbooks , manuals |
| Withdrawn status | Lost status | Damaged status | Home library | Current library | Shelving location | Date acquired | Source of acquisition | Cost, normal purchase price | Total Checkouts | Full call number | Barcode | Date last seen | Price effective from | Koha item type |
|---|---|---|---|---|---|---|---|---|---|---|---|---|---|---|
| Elizalde Library | Elizalde Library | Teachers Reference Section | 11/09/2004 | 195.00 | TR(GS 372.19 H66 2002 | E9539 | 04/12/2014 | 04/12/2014 | Books |